| 000 | 00512nam a22001697a 4500 | ||
|---|---|---|---|
| 003 | NUST | ||
| 038 | _aNusrat Nadeem | ||
| 082 | _a200 | ||
| 100 |
_aAli, Murtaza _997245 |
||
| 245 |
_aHardware Implementation of Image Processing Cores / _cMurtaza Ali |
||
| 264 |
_aIslamabad : _bSEECS, NUST, _c2022. |
||
| 300 | _a88 p. ; | ||
| 650 |
_aMS-Electrical Engineering _923567 |
||
| 700 |
_aSupervisor: Dr. Khawar Khurshid _991908 |
||
| 856 | _uhttp://10.250.8.41:8080/xmlui/handle/123456789/29958 | ||
| 942 |
_2ddc _cSC |
||
| 999 |
_c591002 _d591002 |
||